Know when to hold 'em (Record no. 79893)

MARC details
000 -LEADER
fixed length control field 01523cab a22002415a 4500
001 - CONTROL NUMBER
control field L142652
008 - FIXED-LENGTH DATA ELEMENTS--GENERAL INFORMATION
fixed length control field 080227e2007 xxk f 000 0 eng d
035 ## - SYSTEM CONTROL NUMBER
System control number (Sirsi) u142652
041 0# - LANGUAGE CODE
Language code of text/sound track or separate title eng
100 1# - MAIN ENTRY--PERSONAL NAME
Personal name Chaplin, Rachel
245 00 - TITLE STATEMENT
Title Know when to hold 'em
260 ## - PUBLICATION, DISTRIBUTION, ETC.
Date of publication, distribution, etc. 2007
490 #0 - SERIES STATEMENT
Series statement Building Services Journal
Volume/sequential designation November 2007, 29(1)
520 ## - SUMMARY, ETC.
Summary, etc. Discusses the conflict between the payment provisions in the Housing Grants, Construction and Regeneration Act 1996 s111 and clause 27 of the JCT 1998 standard form of contract. Under the 1996 Act s111, if payment is not made a withholding notice should be issued by the employer to inform the contractor. However, in "Melville Dundas Ltd and others v George Wimpey UK Ltd and other" ([2007] UKHL 18, L137943), the HL decided that an employer could rely on a contractual provision to set off losses incurred through a contractor?s insolvency, even without a notice. Explores this issue in more detail with discussion of "Pierce Design International Ltd v Johnston and another" ([2007] EWHC 1691 (TCC), L140192).
590 ## - LOCAL NOTE (RLIN)
Local note KA
650 24 - SUBJECT ADDED ENTRY--TOPICAL TERM
Topical term or geographic name entry element HOUSING GRANTS, CONSTRUCTION AND REGENERATION ACT 1996 S111
650 24 - SUBJECT ADDED ENTRY--TOPICAL TERM
Topical term or geographic name entry element JCT STANDARD FORM OF BUILDING CONTRACT (1998 EDITION)
650 24 - SUBJECT ADDED ENTRY--TOPICAL TERM
Topical term or geographic name entry element MELVILLE DUNDAS LTD V GEORGE WIMPEY UK LTD AND ANOTHER
650 24 - SUBJECT ADDED ENTRY--TOPICAL TERM
Topical term or geographic name entry element PIERCE DESIGN INTERNATIONAL LTD V JOHNSTON AND ANOTHER
651 #4 - SUBJECT ADDED ENTRY--GEOGRAPHIC NAME
Geographic name England and Wales
Chronological subdivision 1543-
690 ## - LOCAL SUBJECT ADDED ENTRY--TOPICAL TERM (OCLC, RLIN)
Topical term or geographic name as entry element BUILT ENVIRONMENT-CONSTRUCTION MANAGEMENT-BUILDING CONTRACT ADMINISTRATION
942 ## - ADDED ENTRY ELEMENTS (KOHA)
Suppress in OPAC 0
Holdings
Withdrawn status Lost status Source of classification or shelving scheme Damaged status Not for loan Home library Current library Shelving location Date acquired Total Checkouts Full call number Barcode Date last seen Copy number Price effective from Koha item type
    Dewey Decimal Classification     London London Journal article 27/02/2008   L142652 142652-1001 06/08/2019 1 06/08/2019 Journal article